Normal view MARC view

Entry Personal Name

Number of records used in: 2

001 - CONTROL NUMBER

  • control field: 256900

003 - CONTROL NUMBER IDENTIFIER

  • control field: OSt

005 - DATE AND TIME OF LATEST TRANSACTION

  • control field: 20220925182631.0

008 - FIXED-LENGTH DATA ELEMENTS

  • fixed length control field: 220925|| aca||aabn | a|a d

040 ## - CATALOGING SOURCE

  • Original cataloging agency: OSt
  • Transcribing agency: OSt

100 ## - HEADING--PERSONAL NAME

  • Personal name: Khair Abul

670 ## - SOURCE DATA FOUND

  • Source citation: Work cat.: (OSt)502716: Khair Abul, United States foreign policy in the Indo-Pakistan Subcontinent (1939-1947) V.1, 1968
Copyright @ Delhi University Library System